000 00307nam a22001337a 4500
008 171030b xxu||||| |||| 00| 0 eng d
020 _a9780138894603
041 _aeng
080 _25TH
_a336
100 _a56
101 _aFIN
245 _aFINANCIAL MARKET RATES AND FLOWS`
_cHORNE,J,C
942 _2udc
_cBK
999 _c36322
_d36322